Normal view
MARC view
- FAISAL,AHMAD,NAUMAN
Entry Personal Name
001 - CONTROL NUMBER
- control field: 72190
003 - CONTROL NUMBER IDENTIFIER
- control field: NUST
005 - DATE AND TIME OF LATEST TRANSACTION
- control field: 20210628204744.0
008 - FIXED-LENGTH DATA ELEMENTS
- fixed length control field: 210628|| aca||aabn | a|a d
040 ## - CATALOGING SOURCE
- Original cataloging agency: NUST
- Transcribing agency: NUST
100 ## - HEADING--PERSONAL NAME
- Personal name: FAISAL,AHMAD,NAUMAN
670 ## - SOURCE DATA FOUND
- Source citation: Work cat.: (NUST): FAISAL,AHMAD,NAUMAN, PR-SOF-1136-DESIGN AND FABRICATION OF TEST BENCH TO DETERMINE CHARACTERISTICS OF SMA;; AERIAL VEHICLE, 2011
